LEADER 05619oam 2201081 c 450 001 9910265139703321 005 20260302090207.0 010 $a9783839414200 010 $a3839414202 024 7 $a10.14361/transcript.9783839414200 035 $a(CKB)2550000001338395 035 $a(EBL)1914683 035 $a(SSID)ssj0001345693 035 $a(PQKBManifestationID)11735263 035 $a(PQKBTitleCode)TC0001345693 035 $a(PQKBWorkID)11331554 035 $a(PQKB)10777972 035 $a(MiAaPQ)EBC1914683 035 $a(WaSeSS)IndRDA00124416 035 $a(DE-B1597)395892 035 $a(OCoLC)905919045 035 $a(OCoLC)979892100 035 $a(DE-B1597)9783839414200 035 $a(MiAaPQ)EBC6695180 035 $a(Au-PeEL)EBL6695180 035 $a(OCoLC)1159389355 035 $a(ScCtBLL)631c4376-5753-45e2-808e-10ffe15080a8 035 $a(transcript Verlag)9783839414200 035 $a(oapen)https://directory.doabooks.org/handle/20.500.12854/27507 035 $a(Perlego)1462821 035 $a(EXLCZ)992550000001338395 100 $a20260302h20142010 uy 0 101 0 $ager 135 $aur|n|---||||| 181 $ctxt 182 $cc 183 $acr 200 00$aEuropa zwischen Fiktion und Realpolitik/L'Europe ? fictions et réalités politiques$fRoland Marti, Henri Vogt 205 $a1st ed. 210 $aBielefeld$ctranscript Verlag$d2014 210 $d2014, c2010 215 $a1 online resource (321 p.) 225 0 $aJahrbuch des Frankreichzentrums 300 $aDescription based upon print version of record. 311 08$a9783837614206 311 08$a3837614204 311 08$a9781322004303 311 08$a1322004307 327 $a1 Inhaltsverzeichnis 5 1. Vorwort der Herausgeber 11 2. Themenschwerpunkt: Europa zwischen Fiktion und Realpolitik 15 Litte?rature europe?enne ? Litte?rature occidentale ? Litte?rature mondiale ? 19 Performing Europe's 'Others:' Towards a Postcolonial Reinterpretation of the Shakespearean Canon 35 'Petites litte?ratures' en Europe 53 Philosophie in Europa: spezielle europa?ische Philosophie, Philosophie u?ber Europa, oder was? 73 Heimathafen Europa? A?sthetische und (geo-)politische Verankerungen der Musik im 20. und 21. Jahrhundert 87 L'Europe et la logique du palmare?s dans le champ global de l'enseignement supe?rieur en formation: Acteurs, institutions, pratiques 111 Frankreich und Deutschland zwischen Europa-Illusion und -Wirklichkeit 131 De?clinaisons franco-allemandes : des re?cits europe?ens a? l'e?preuve du re?el 155 Osteuropa 20 Jahre nach der Wende - zwischen Fiktion und Realpolitik 175 Gulliver en Europe. La de?marche identitaire des pays baltes et le paradoxe de la puissance europe?enne 191 Le Grand-Duche? de Luxembourg au croisement des cultures europe?ennes 207 Autorenverzeichnis 311 Bildnachweis 317 318 330 $aEuropa ist in den vergangenen Jahren zu einem dominierenden Thema geworden. Verantwortlich dafür ist vor allem der Prozess der europäischen Einigung, der zunächst wirtschaftlich, zunehmend aber auch politisch gesehen wurde. Ein kulturell fundiertes Europa-Verständnis hingegen wird zwar rhetorisch immer wieder ins Spiel gebracht, bleibt aber eigenartig unscharf.Dieser Band bringt politische, historische und kulturelle Aspekte des modernen Europas zusammen und trägt so zu einem ganzheitlicheren Bild bei. Sein Titel spielt bewusst mit der Mehrdeutigkeit des Begriffspaars »Fiktion« und »Realität«: Auf der einen Seite kann literarische Fiktion eng mit politischer Realität bzw. Realitätsdarstellung verbunden sein; andererseits ist »Realpolitik« oft mit »Fiktion« ? Mythen, Stereotypen, Traditionen ? durchsetzt. 330 1 $a»[Der Band ist] in seinem Perspektivenreichtum so recht geeignet, der deutschen Landesgeschichte wertvolle Anregungen zu geben, nicht zuletzt deshalb, weil sie sich künftig auch im europäischen Umfeld wird verorten und behaupten müssen.« 330 1 $aBesprochen in:www.pw-portal.de, 25.01.2011Zeitschrift für die Geschichte des Oberrheins, 159/120 (2011), Volker Rödel 410 0$aJahrbuch des Frankreichzentrums 517 2 $aMarti/Vogt (Hg.), Europa zwischen 606 $aEuropa 606 $aEurope 606 $aPolitik 606 $aPolitics 606 $aKultur 606 $aCulture 606 $aFiktion 606 $aEuropean Politics 606 $aEuropäische Politik 606 $aEuropean History 606 $aEuropäische Geschichte 606 $aGeneral Literature Studies 606 $aPolitical Science 606 $aAllgemeine Literaturwissenschaft 606 $aPolitikwissenschaft 615 4$aEuropa 615 4$aEurope 615 4$aPolitik 615 4$aPolitics 615 4$aKultur 615 4$aCulture 615 4$aFiktion 615 4$aEuropean Politics 615 4$aEuropäische Politik 615 4$aEuropean History 615 4$aEuropäische Geschichte 615 4$aGeneral Literature Studies 615 4$aPolitical Science 615 4$aAllgemeine Literaturwissenschaft 615 4$aPolitikwissenschaft 676 $a323.042 702 $aMarti$b Roland$p

Roland Marti, Universität des Saarlandes Saarbrücken, Deutschland

$4edt 702 $aVogt$b Henri$p

Henri Vogt, Universität Turku, Finnland

$4edt 801 0$bDE-B1597 801 1$bDE-B1597 906 $aBOOK 912 $a9910265139703321 996 $aEuropa zwischen Fiktion und Realpolitik$92076160 997 $aUNINA LEADER 04769oam 2200961 c 450 001 9910372793803321 005 20260302090207.0 010 $a9783839409077 010 $a3839409071 024 7 $a10.14361/9783839409077 035 $a(CKB)3710000000482783 035 $a(OAPEN)1007474 035 $a(DE-B1597)461227 035 $a(OCoLC)1013963660 035 $a(OCoLC)958035320 035 $a(DE-B1597)9783839409077 035 $a(MiAaPQ)EBC5494316 035 $a(Au-PeEL)EBL5494316 035 $a(OCoLC)1049914290 035 $a(transcript Verlag)9783839409077 035 $a(oapen)https://directory.doabooks.org/handle/20.500.12854/28209 035 $a(ScCtBLL)25db3be6-606d-4293-b781-772022d3f718 035 $a(oapen)doab28209 035 $a(EXLCZ)993710000000482783 100 $a20260302h20152008 uy 0 101 0 $ager 135 $auuuuu---auuuu 181 $ctxt$2rdacontent 182 $cc$2rdamedia 183 $acr$2rdacarrier 200 00$aWas ist eine Universität?$eSchlaglichter auf eine ruinierte Institution$fUlrike Haß, Nikolaus Müller-Schöll 205 $a1st ed. 210 $aBielefeld$ctranscript Verlag$d2015 210 $d2015, c2008 215 $a1 online resource (156) 225 0 $aKultur- und Medientheorie 311 08$a9783899429077 311 08$a3899429079 327 $aFrontmatter 1 Inhalt 5 Vorwort 7 Universita?t als Grenzort 11 Hochschulen fu?r die demokratische Gesellschaft 27 Die ungeliebte Universita?t 35 Die Eine Szene. Wider die Teilung von Forschung und Lehre in den Geisteswissenschaften 45 Die Universita?t im Wu?rgegriff von CHE-Consult: Ein Regimewechsel von noch nicht begriffener Gewalt 55 Der Hochschul-TU?V 69 »Exzellenz« = Masse: Universita?tsfinanzierung als Leistungsbelohnung? 77 Paradiese im gelobten Land oder: The University in Ruins? U?ber amerikanische Universita?ten 81 U?ber eine Universita?t, die an der Zeit ist 95 Gru?ndungen / Generationen 107 Die Zukunft der Universita?t 125 Autorinnen und Autoren 151 Backmatter 154 330 $aUnter dem Vorzeichen der »Reform« kündigen sich heute fundamentale Veränderungen der Institution Universität an. Die Prinzipien der Hochschulautonomie, der Wissenschaftsfreiheit und einer Bildung, die mehr ist als Ausbildung, werden dabei in nie gekanntem Maße ausgehöhlt. Die Konsequenzen für Universität und Gesellschaft sind noch kaum bedacht und analysiert worden. Was ist aus der modernen Universität geworden, wie sie um 1800 entworfen wurde? Wie behauptet sie ihren Anspruch gegenüber den aktuellen Forderungen nach Effizienz und Exzellenz?Die Beiträge des Bandes widmen sich diesen Fragen aus unterschiedlichen Perspektiven. 330 1 $a»Warum kümmern sich ausgerechnet Theaterwissenschaftler 330 1 $a»Es ist eine Stärke des Sammelbands, dass mancher Text zum differenzierten Widerspruch anregt.Dass so manchem Beitrag die eigene institutionelle Bedingtheit sichtbar eingeschrieben ist [...], kann nicht als Schwäche des Sammelbands ausgelegt werden. Denn gerade das kritische Nachdenken über die eigene Institution macht den authentischen Charme und die inhaltliche Qualität der Beiträge aus.« 330 1 $aBesprochen in:Bochumer Stadt- und Studierendenzeitung, 21.01.2009DISS-Journal, 18 (2009), Rolf van Raden 410 0$aKultur- und Medientheorie 517 2 $aHaß/Müller-Schöll (Hg.), Was ist$eSchlaglichter auf eine ruinierte Institution 606 $aUniversität 606 $aUniversity 606 $aBildungspolitik 606 $aEducational Policy 606 $aBologna 606 $aEducation 606 $aExzellenz 606 $aScience 606 $aBildung 606 $aEducational Research 606 $aWissenschaft 606 $aPedagogy 606 $aBildungsforschung 606 $aPädagogik 615 4$aUniversität 615 4$aUniversity 615 4$aBildungspolitik 615 4$aEducational Policy 615 4$aBologna 615 4$aEducation 615 4$aExzellenz 615 4$aScience 615 4$aBildung 615 4$aEducational Research 615 4$aWissenschaft 615 4$aPedagogy 615 4$aBildungsforschung 615 4$aPädagogik 676 $a378.001 686 $aAL 19000$2rvk 702 $aHaß$b Ulrike$p

Ulrike Haß, Ruhr-Universität Bochum, Deutschland

$4edt 702 $aMüller-Schöll$b Nikolaus$p

Nikolaus Müller-Schöll, Goethe-Universität Frankfurt a.M., Frankfurt a.M., Deutschland

$4edt 801 0$bDE-B1597 801 1$bDE-B1597 906 $aBOOK 912 $a9910372793803321 996 $aWas ist eine Universita?t$94415375 997 $aUNINA